000 00281nam a22001217a 4500
008 160507b xxu||||| |||| 00| 0 eng d
020 _a9780495554455
020 _a0495554456
041 _aeng
080 _a573
245 _aHuman heredity:
_cMichael R. Cummings;
942 _2udc
_cBK
999 _c1921
_d1921